| 000 | 00691nam a2200289Ia 4500 | ||
|---|---|---|---|
| 005 | 20260324115303.0 | ||
| 008 | 008 260324s9999 xx 000 0 eng d | ||
| 020 | _a9781351029940 | ||
| 037 | _aEBOOK | ||
| 040 | _aCRL | ||
| 040 | _beng | ||
| 040 | _cCRL | ||
| 041 | _2eng | ||
| 041 | _aeng | ||
| 084 | _qCRL | ||
| 100 |
_aShampa Sen; Leonid Datta; Sayak Mitra _91154085 |
||
| 245 | 0 | _aMachine Learning and IoT | |
| 245 | 2 | _bA Biological Perspective | |
| 260 | _bTaylor and Francis | ||
| 260 | _c2018 | ||
| 365 | _a | ||
| 365 | _b385 | ||
| 856 | _uhttp://www.taylorfrancis.com/books/9781351029940 | ||
| 942 | _cEBOOK | ||
| 999 |
_c1744851 _d1744851 |
||